000 00499nam a22001217a 4500
999 _c18780
_d18780
008 210211b xxu||||| |||| 00| 0 eng d
050 _aGMB0172
_b.S85 2018 c.1
100 _aSungunya Dorcas Jepkosgei
245 _aEffect of credit risk management practices on loan performance of women enterprise fund in Kenya
_ba survey of women groups in Nakuru town sub-county
_cDorcas Jepkosgei Sungunya
260 _aKabarak, Nakuru, Kenya
_bKabarak University
_c2018
300 _a64 leaves
942 _2lcc
_cTHE